[Event "IECG CB.2002.0.00058 email"]
[Site "IECG email"]
[Date "2002.10.13"]
[Round "?"]
[White "Sherwood, Russell"]
[Black "Thorwesten, Andreas"]
[Result "0-1"]
[WhiteElo "1822"]
[BlackElo "1800"]
[PlyCount "72"]
[EventDate "2002.10.13"]
[EventType "tourn (corr)"]
[EventRounds "6"]
[SourceTitle "Corr 2008"]
[Source "ChessBase"]
[SourceDate "2008.06.24"]
[SourceVersion "1"]
[SourceVersionDate "2008.06.24"]
[SourceQuality "1"]

1. e4 c6 2. d4 d5 3. e5 Bf5 4. Nf3 e6 5. Be2 Nd7 6. 0-0 h6 7. Nbd2 Ne7 8. Re1 Nc8 9. c3 Be7 10. Qb3 Ncb6 11. a4 a5 12. Nf1 0-0 13. Ng3 Bg6 14. Be3 c5 15. dxc5 Nxc5 16. Qd1 Rc8 17. Bb5 Nc4 18. Bxc5 Bxc5 19. Qe2 Qc7 20. Nd4 Bxd4 21. cxd4 Qe7 22. b3 Na3 23. Rad1 Bc2 24. Rc1 Qb4 25. Qg4 Nxb5 26. axb5 Qxb3 27. Nh5 Bg6 28. Nf4 Bf5 29. Qg3 Qxb5 30. Nh5 Bg6 31. Nf4 Rxc1 32. Rxc1 Qb2 33. Qc3 Qxc3 34. Rxc3 b5 35. Nxg6 fxg6 36. Kf1 a4 0-1

[Event "IECG CB.2002.0.00058 email"]
[Site "IECG email"]
[Date "2002.10.13"]
[Round "?"]
[White "Thorwesten, Andreas"]
[Black "Hillebrand, Philipp"]
[Result "1-0"]
[WhiteElo "1800"]
[BlackElo "1800"]
[PlyCount "49"]
[EventDate "2002.10.13"]
[EventType "tourn (corr)"]
[EventRounds "6"]
[SourceTitle "Corr 2008"]
[Source "ChessBase"]
[SourceDate "2008.06.24"]
[SourceVersion "1"]
[SourceVersionDate "2008.06.24"]
[SourceQuality "1"]

1. e4 c5 2. Nf3 d6 3. d4 Nf6 4. Nc3 cxd4 5. Nxd4 g6 6. Be3 Bg7 7. f3 Nc6 8. Qd2 0-0 9. 0-0-0 d5 10. exd5 Nxd5 11. Nxc6 bxc6 12. Nxd5 cxd5 13. Qxd5 Qc7 14. Qc5 Qb8 15. Qa3 a5 16. Bc4 Ba6 17. Bd5 Bb7 18. Bxb7 Qxb7 19. Bd4 Bh6+ 20. Kb1 Rac8 21. Qxa5 Qc6 22. c3 Bf4 23. Be5 Be3 24. Qd5 Qb6 25. Qe4 1-0